Statistics for Best Countries At Field Hockey

Click here to take the quiz!

General Stats

  • This quiz has been taken 182 times
  • The average score is 24 of 30

Answer Stats

RankCountry% Correct
9India
94%
5India
94%
1Australia
93%
3Australia
93%
1Netherlands
93%
3Netherlands
93%
4Germany
92%
5Germany
92%
4England
88%
6England
88%
7Spain
86%
8Spain
86%
6Belgium
85%
2Belgium
85%
2Argentina
83%
7Argentina
83%
10China
81%
9New Zealand
81%
8New Zealand
81%
11France
80%
11Japan
77%
15Canada
76%
14Canada
76%
13Ireland
69%
13Ireland
69%
12South Korea
65%
12South Korea
65%
14South Africa
62%
15Chile
47%
10Malaysia
47%

Score Distribution

Percentile by Number Answered

Percent of People with Each Score

Your Score History

You have not taken this quiz